[Event "SWE-chT 1718 Superettan"]
[Site "Sweden"]
[Date "2018.02.04"]
[Round "6"]
[White "Larsson, Victor"]
[Black "Schutz, Ingemar"]
[Result "1/2-1/2"]
[WhiteElo "2184"]
[BlackElo "2189"]
[PlyCount "165"]
[EventDate "2017.10.20"]
[EventType "team-tourn"]
[EventRounds "9"]
[EventCountry "SWE"]
[SourceTitle "EXT 2019"]
[Source "ChessBase"]
[SourceDate "2018.10.10"]
[SourceVersion "1"]
[SourceVersionDate "2018.10.10"]
[SourceQuality "1"]
[WhiteTeam "Burgsvik Alva"]
[BlackTeam "Norrkoping Schack 08"]
[WhiteTeamCountry "SWE"]
[BlackTeamCountry "SWE"]

1. d4 Nf6 2. c4 g6 3. Nc3 Bg7 4. e4 0-0 5. Nf3 d6 6. Be2 e5 7. 0-0 exd4 8. Nxd4 Re8 9. f3 c6 10. Kh1 Nbd7 11. Bg5 Qb6 12. Na4 Qa5 13. Bf4 Ne5 14. Rb1 d5 15. cxd5 cxd5 16. b4 Qd8 17. Bb5 Re7 18. Nc5 a6 19. Bxa6 bxa6 20. Bxe5 Rxe5 21. Nc6 Qe8 22. Nxe5 Qxe5 23. f4 Qh5 24. Qxh5 gxh5 25. exd5 Nxd5 26. Rbd1 Nc7 27. Rd8+ Bf8 28. f5 f6 29. Nd7 Bxd7 30. Rxd7 Ne8 31. Rb1 Rb8 32. Ra7 Rb6 33. Rb3 Ng7 34. g3 Nxf5 35. a4 Bxb4 36. Ra8+ Kf7 37. a5 Bxa5 38. Rxb6 Bxb6 39. Rxa6 Bd4 40. Kg2 Kg6 41. Ra8 h4 42. g4 Ng7 43. Rg8 Be5 44. Kh3 Kh6 45. Kg2 Ne6 46. Kh3 Ng5+ 47. Kxh4 Nf3+ 48. Kh3 Nxh2 49. Kg2 Bf4 50. Kf2 Bg5 51. Kg3 Nf1+ 52. Kh3 Ne3 53. Kg3 Nc4 54. Kh3 Ne5 55. Kg3 Ng6 56. Kh3 Bf4 57. Ra8 Kg5 58. Ra7 h5 59. gxh5 Kxh5 60. Rg7 Be5 61. Kg2 f5 62. Rg8 Bf4 63. Kf3 Bg5 64. Rg7 Ne5+ 65. Kg3 f4+ 66. Kh3 Ng6 67. Rf7 Ne7 68. Rf8 Nd5 69. Rh8+ Kg6 70. Kg4 Nf6+ 71. Kf3 Kf5 72. Rf8 Bh6 73. Rf7 Kg5 74. Ra7 Kf5 75. Rf7 Bg5 76. Rf8 Ke6 77. Ra8 Nd5 78. Ke4 Nc3+ 79. Kf3 Ke5 80. Re8+ Kf5 81. Rf8+ Bf6 82. Rxf6+ Kxf6 83. Kxf4 1/2-1/2

[Event "SWE-chT 1718 Superettan"]
[Site "Sweden"]
[Date "2017.10.20"]
[Round "1"]
[White "Schutz, Ingemar"]
[Black "Lekander, Rolf Ake"]
[Result "1-0"]
[WhiteElo "2189"]
[BlackElo "2166"]
[PlyCount "97"]
[EventDate "2017.10.20"]
[EventType "team-tourn"]
[EventRounds "9"]
[EventCountry "SWE"]
[SourceTitle "EXT 2019"]
[Source "ChessBase"]
[SourceDate "2018.10.10"]
[SourceVersion "1"]
[SourceVersionDate "2018.10.10"]
[SourceQuality "1"]
[WhiteTeam "Norrkoping Schack 08"]
[BlackTeam "Vaxjo"]
[WhiteTeamCountry "SWE"]
[BlackTeamCountry "SWE"]

1. e4 g6 2. Nc3 Bg7 3. f4 c6 4. Bc4 d6 5. Nf3 Nf6 6. e5 dxe5 7. fxe5 Nd5 8. d4 0-0 9. 0-0 a5 10. a4 Na6 11. Qe1 Nac7 12. Qh4 f6 13. Bh6 Ne6 14. Ne4 Rf7 15. exf6 exf6 16. Bxg7 Nxg7 17. Ne5 Bf5 18. Nxf7 Kxf7 19. Rae1 h5 20. c3 b6 21. Qg3 Bxe4 22. Rxe4 Nf5 23. Qe1 Nd6 24. Bxd5+ cxd5 25. Re5 Nf5 26. Rexf5 gxf5 27. Rxf5 Qd7 28. Qf2 Qe6 29. Rxh5 Re8 30. Rh7+ Kg6 31. Rb7 Qg4 32. Qg3 Qxg3 33. hxg3 Re6 34. Kf2 Kf5 35. Kf3 Rc6 36. g4+ Kg6 37. Rd7 Rc4 38. Rxd5 Rxa4 39. Rb5 Ra2 40. Rxb6 a4 41. Kf4 a3 42. bxa3 Rxa3 43. Rc6 Ra5 44. c4 Kf7 45. Rc7+ Ke6 46. d5+ Kd6 47. Rc6+ Kd7 48. Rxf6 Rc5 49. Rc6 1-0

[Event "SWE-chT2 1617"]
[Site "Sweden"]
[Date "2016.10.15"]
[Round "2.1"]
[White "Schutz, Ingemar"]
[Black "Kallstrom, Magnus"]
[Result "1/2-1/2"]
[WhiteElo "2216"]
[BlackElo "1908"]
[PlyCount "70"]
[EventDate "2016.10.14"]
[EventType "team-tourn"]
[EventRounds "9"]
[EventCountry "SWE"]
[SourceTitle "EXT 2017"]
[Source "ChessBase"]
[SourceDate "2016.10.25"]
[SourceVersion "1"]
[SourceVersionDate "2016.10.25"]
[SourceQuality "1"]
[WhiteTeam "Norrkoping Schack 08"]
[BlackTeam "Horndal"]
[WhiteTeamCountry "SWE"]
[BlackTeamCountry "SWE"]

1. e4 e6 2. d4 d5 3. Nc3 Nf6 4. Bg5 Bb4 5. e5 h6 6. Bd2 Bxc3 7. bxc3 Ne4 8. Qg4 g6 9. Bc1 Nxc3 10. Bd3 Na4 11. Ne2 c5 12. c3 Nc6 13. 0-0 cxd4 14. cxd4 Qe7 15. Bb5 Nb6 16. a4 Bd7 17. a5 Nc4 18. Bxc4 dxc4 19. Nc3 h5 20. Qe4 f5 21. exf6 Qxf6 22. Nd5 Qf5 23. Nc7+ Kf7 24. Qxf5+ gxf5 25. Nxa8 Rxa8 26. Be3 Ne7 27. Rfc1 Bb5 28. Rab1 a6 29. g3 Nc6 30. Ra1 Rd8 31. Rd1 Rd7 32. Kg2 Nb4 33. Rdc1 Nc6 34. Rd1 Nb4 35. Rdc1 Nc6 1/2-1/2

[Event "SWE-chT 1516 Superettan"]
[Site "Sweden"]
[Date "2016.03.20"]
[Round "9"]
[White "Schutz, Ingemar"]
[Black "Janse, Rasmus"]
[Result "1-0"]
[WhiteElo "2213"]
[BlackElo "2230"]
[PlyCount "79"]
[EventDate "2015.11.06"]
[EventType "team-tourn"]
[EventRounds "9"]
[EventCountry "SWE"]
[SourceTitle "EXT 2018"]
[Source "ChessBase"]
[SourceDate "2017.10.13"]
[SourceVersion "1"]
[SourceVersionDate "2017.10.13"]
[SourceQuality "1"]
[WhiteTeam "Norrkoping Schack 08"]
[BlackTeam "Vasteras II"]
[WhiteTeamCountry "SWE"]
[BlackTeamCountry "SWE"]

1. e4 e6 2. d4 d5 3. Nc3 Bb4 4. e5 c5 5. a3 Bxc3+ 6. bxc3 Ne7 7. Nf3 Nbc6 8. a4 Qa5 9. Qd2 c4 10. g3 f6 11. Bh3 fxe5 12. Nxe5 Nxe5 13. dxe5 Bd7 14. Ba3 Nc6 15. 0-0 0-0-0 16. Qe3 g5 17. Bd6 h5 18. Rfb1 g4 19. Rb5 Qa6 20. Bf1 Rdg8 21. Rab1 b6 22. R5b2 Be8 23. Bg2 Bg6 24. Qf4 Qb7 25. Rb5 Bxc2 26. R1b2 Bxa4 27. Rc5 Qd7 28. Rxc4 dxc4 29. Qxc4 b5 30. Qc5 b4 31. Rxb4 Kd8 32. Rxa4 Nxe5 33. Rxa7 Ke8 34. Rxd7 Nxd7 35. Qc8+ Kf7 36. Qxd7+ Kf6 37. Be7+ Kf5 38. Qd3+ Ke5 39. Qd4+ Kf5 40. Be4# 1-0

[Event "SWE-chT 1516 Superettan"]
[Site "Sweden"]
[Date "2016.02.27"]
[Round "6"]
[White "Schutz, Ingemar"]
[Black "Lindberg, Henrik"]
[Result "1-0"]
[WhiteElo "2213"]
[BlackElo "2242"]
[PlyCount "73"]
[EventDate "2015.11.06"]
[EventType "team-tourn"]
[EventRounds "9"]
[EventCountry "SWE"]
[SourceTitle "EXT 2018"]
[Source "ChessBase"]
[SourceDate "2017.10.13"]
[SourceVersion "1"]
[SourceVersionDate "2017.10.13"]
[SourceQuality "1"]
[WhiteTeam "Norrkoping Schack 08"]
[BlackTeam "Upsala"]
[WhiteTeamCountry "SWE"]
[BlackTeamCountry "SWE"]

1. e4 c5 2. Nf3 e6 3. d4 cxd4 4. Nxd4 Nf6 5. Nc3 d6 6. Bc4 Be7 7. Bb3 Na6 8. f4 Nc5 9. f5 e5 10. Nde2 b5 11. Bg5 Ncxe4 12. Nxe4 Nxe4 13. Bxf7+ Kf8 14. Bxe7+ Qxe7 15. Bd5 Bb7 16. 0-0 Rd8 17. Bxe4 Bxe4 18. Ng3 Bc6 19. Qg4 Rg8 20. Rf2 d5 21. Raf1 Rd6 22. Nh5 Rf6 23. Nxf6 gxf6 24. Qh4 Rg5 25. c3 a5 26. Rf3 Qc5+ 27. Kh1 h5 28. Rg3 Qc4 29. Qxc4 bxc4 30. Rxg5 fxg5 31. Re1 e4 32. Kg1 Ke7 33. Kf2 Kf6 34. Ke3 Kxf5 35. Kd4 Ke6 36. Rf1 Ba4 37. Rf8 1-0

[Event "SWE-chT 1516 Superettan"]
[Site "Sweden"]
[Date "2016.01.15"]
[Round "5"]
[White "Malmstig, Erik"]
[Black "Schutz, Ingemar"]
[Result "0-1"]
[WhiteElo "2261"]
[BlackElo "2213"]
[PlyCount "72"]
[EventDate "2015.11.06"]
[EventType "team-tourn"]
[EventRounds "9"]
[EventCountry "SWE"]
[SourceTitle "EXT 2018"]
[Source "ChessBase"]
[SourceDate "2017.10.13"]
[SourceVersion "1"]
[SourceVersionDate "2017.10.13"]
[SourceQuality "1"]
[WhiteTeam "Umea Rockaden"]
[BlackTeam "Norrkoping Schack 08"]
[WhiteTeamCountry "SWE"]
[BlackTeamCountry "SWE"]

1. Nf3 Nf6 2. g3 g6 3. Bg2 Bg7 4. c4 0-0 5. 0-0 d6 6. Nc3 Nc6 7. d4 a6 8. h3 e5 9. d5 Ne7 10. Bg5 h6 11. Bd2 b5 12. b3 Rb8 13. Ne1 bxc4 14. bxc4 Nh5 15. e4 Qe8 16. Rb1 Rxb1 17. Qxb1 f5 18. exf5 gxf5 19. Qb8 Qd8 20. Ne2 Qd7 21. Ba5 c6 22. Bc7 cxd5 23. cxd5 e4 24. f3 Nxd5 25. Bxd6 Re8 26. fxe4 fxe4 27. g4 Bb7 28. Qa7 Qxd6 29. Qxb7 Nhf4 30. Nxf4 Nxf4 31. Kh1 e3 32. Qc6 Qxc6 33. Bxc6 Rf8 34. Ng2 e2 35. Rc1 Nxg2 36. Kxg2 Bc3 0-1

[Event "SWE Cup"]
[Site "Linkoping"]
[Date "2014.09.06"]
[Round "4.2"]
[White "Schutz, Ingemar"]
[Black "Jakenberg, Jussi"]
[Result "0-1"]
[WhiteElo "2188"]
[BlackElo "2029"]
[PlyCount "74"]
[EventDate "2014.09.05"]
[EventType "team-tourn"]
[EventRounds "7"]
[EventCountry "SWE"]
[SourceTitle "CBM 162 Extra"]
[Source "ChessBase"]
[SourceDate "2014.10.17"]
[SourceVersion "1"]
[SourceVersionDate "2014.10.17"]
[SourceQuality "1"]
[WhiteTeam "Norrkoping Schack 08"]
[BlackTeam "Sollentuna/4 Springare"]
[WhiteTeamCountry "SWE"]
[BlackTeamCountry "SWE"]

1. e4 d5 2. exd5 Qxd5 3. Nc3 Qd6 4. Nb5 Qb6 5. d4 c6 6. Na3 Bf5 7. Nf3 Nf6 8. Nc4 Qd8 9. Bg5 Nbd7 10. Qe2 Nb6 11. Nce5 h6 12. Bh4 Qd5 13. a4 a5 14. c4 Qe4 15. Qxe4 Nxe4 16. c5 Nd5 17. g4 Bh7 18. Bc4 g5 19. Bg3 Nxg3 20. fxg3 f6 21. Bxd5 cxd5 22. c6 fxe5 23. cxb7 Rb8 24. Rc1 Bg7 25. Nxe5 Bxe5 26. dxe5 Kd7 27. Rc5 Be4 28. Rf1 Rxb7 29. Rf2 Rhb8 30. e6+ Kxe6 31. Rc6+ Ke5 32. Rxh6 Rxb2 33. Rxb2 Rxb2 34. h4 Kd4 35. Rc6 Ke3 36. Rc1 Rh2 37. Rc3+ Bd3 0-1

[Event "SWE-chT2 1314"]
[Site "Sweden"]
[Date "2013.11.24"]
[Round "3"]
[White "Schutz, Ingemar"]
[Black "Madebrink, Lars"]
[Result "1-0"]
[WhiteElo "2188"]
[BlackElo "2214"]
[PlyCount "77"]
[EventDate "2013.11.22"]
[EventType "team-tourn"]
[EventRounds "9"]
[EventCountry "SWE"]
[SourceTitle "EXT 2015"]
[Source "ChessBase"]
[SourceDate "2014.11.20"]
[SourceVersion "1"]
[SourceVersionDate "2014.11.20"]
[SourceQuality "1"]
[WhiteTeam "Norrkoping Schack 08"]
[BlackTeam "Kamraterna"]
[WhiteTeamCountry "SWE"]
[BlackTeamCountry "SWE"]

1. e4 d5 2. exd5 Qxd5 3. Nc3 Qd6 4. d4 Nf6 5. Bg5 c6 6. Qd2 Bf5 7. f3 Nbd7 8. Nge2 e6 9. g4 Bg6 10. Nf4 Nd5 11. Ncxd5 cxd5 12. 0-0-0 f6 13. Nxg6 hxg6 14. Bf4 Qb6 15. Bd3 Kf7 16. h4 Bd6 17. Be3 Rac8 18. h5 g5 19. f4 gxf4 20. Bxf4 Bxf4 21. Qxf4 Qc7 22. Qf3 Qd6 23. Rhf1 Ke7 24. Rde1 Kd8 25. Qe3 e5 26. dxe5 Nxe5 27. Bf5 Rc5 28. Qa3 Qb6 29. b3 Kc7 30. Rd1 Rd8 31. Qb2 Qd6 32. Kb1 Nf7 33. Rfe1 Ng5 34. Rd3 d4 35. Qa3 Qc6 36. Qxa7 Re5 37. Rxe5 fxe5 38. Qa5+ b6 39. Qxe5+ 1-0

[Event "SWE-chT2 1213"]
[Site "Sweden"]
[Date "2013.03.15"]
[Round "7"]
[White "Karlsson, Tomas"]
[Black "Schutz, Ingemar"]
[Result "1-0"]
[WhiteElo "2239"]
[BlackElo "2199"]
[PlyCount "91"]
[EventDate "2012.10.20"]
[EventType "team-tourn"]
[EventRounds "9"]
[EventCountry "SWE"]
[SourceTitle "EXT 2015"]
[Source "ChessBase"]
[SourceDate "2014.11.20"]
[SourceVersion "1"]
[SourceVersionDate "2014.11.20"]
[SourceQuality "1"]
[WhiteTeam "Solna"]
[BlackTeam "Norrkoping Schack 08"]
[WhiteTeamCountry "SWE"]
[BlackTeamCountry "SWE"]

1. e4 e5 2. Nf3 Nc6 3. Bb5 f5 4. Nc3 Nd4 5. Bc4 c6 6. Bxg8 Rxg8 7. 0-0 fxe4 8. Nxd4 exd4 9. Nxe4 d5 10. Qh5+ Kd7 11. Ng3 Kc7 12. Qf7+ Be7 13. Re1 Re8 14. d3 Bd7 15. Bf4+ Kb6 16. Qxg7 Bf6 17. Rxe8 Bxg7 18. Rxd8 Rxd8 19. Re1 Bf8 20. h3 a5 21. Be5 c5 22. f4 Kc6 23. Nh5 b5 24. g4 a4 25. Nf6 h6 26. Nxd7 Rxd7 27. h4 a3 28. b3 Bd6 29. Bxd6 Kxd6 30. Kf2 Rf7 31. Kf3 c4 32. g5 h5 33. Kg3 Kc5 34. g6 Rg7 35. f5 Kb4 36. Kf4 Kc3 37. Kg5 Kxc2 38. f6 Rc7 39. f7 cxd3 40. f8Q d2 41. Re2 Rc3 42. Qf4 Rd3 43. g7 Kc3 44. g8Q d1Q 45. Qc8+ Kb4 46. Qd6+ 1-0

[Event "SWE-chT2 1213"]
[Site "Sweden"]
[Date "2012.10.20"]
[Round "1"]
[White "Schutz, Ingemar"]
[Black "Burwick, Malte"]
[Result "0-1"]
[WhiteElo "2199"]
[BlackElo "2245"]
[PlyCount "84"]
[EventDate "2012.10.20"]
[EventType "team-tourn"]
[EventRounds "9"]
[EventCountry "SWE"]
[SourceTitle "EXT 2015"]
[Source "ChessBase"]
[SourceDate "2014.11.20"]
[SourceVersion "1"]
[SourceVersionDate "2014.11.20"]
[SourceQuality "1"]
[WhiteTeam "Norrkoping Schack 08"]
[BlackTeam "Upsala"]
[WhiteTeamCountry "SWE"]
[BlackTeamCountry "SWE"]

1. e4 g6 2. d4 Bg7 3. Nc3 d6 4. f4 a6 5. Nf3 b5 6. Bd3 Nd7 7. e5 c5 8. Ng5 cxd4 9. e6 f5 10. exd7+ Bxd7 11. Nb1 e5 12. 0-0 h6 13. Nh3 e4 14. Be2 Qb6 15. Kh1 Ne7 16. Re1 Kf7 17. Bf1 Rhc8 18. c3 d3 19. Be3 Qb7 20. Nd2 b4 21. Rb1 Be6 22. c4 d5 23. cxd5 Nxd5 24. Bg1 Rc2 25. Nb3 Bxb2 26. Bxd3 exd3 27. Nc5 Rxc5 28. Bxc5 Bc3 29. Rf1 Qb5 30. Bg1 Nf6 31. a4 Qc4 32. Rf3 Rd8 33. Be3 Bd5 34. Rf1 Qe4 35. Rf3 Ng4 36. Bb6 Rd6 37. Bc5 Rc6 38. Ba7 d2 39. Nf2 Qe1+ 40. Qxe1 dxe1Q+ 41. Rxe1 Bxe1 42. Nxg4 fxg4 0-1

[Event "SWE-chT2 1112"]
[Site "Sweden"]
[Date "2012.03.10"]
[Round "8"]
[White "Alquist, Erik"]
[Black "Schutz, Ingemar"]
[Result "0-1"]
[WhiteElo "2055"]
[BlackElo "2194"]
[PlyCount "94"]
[EventDate "2011.10.22"]
[EventType "team-tourn"]
[EventRounds "9"]
[EventCountry "SWE"]
[SourceTitle "EXT 2013"]
[Source "ChessBase"]
[SourceDate "2012.11.22"]
[SourceVersion "1"]
[SourceVersionDate "2012.11.22"]
[SourceQuality "1"]
[WhiteTeam "Sodra"]
[BlackTeam "Norrkoping Schack 08"]
[WhiteTeamCountry "SWE"]
[BlackTeamCountry "SWE"]

1. e4 c5 2. Nf3 d6 3. d4 cxd4 4. Nxd4 Nf6 5. Nc3 Nc6 6. f3 e5 7. Nb3 a5 8. a4 Be7 9. Be3 Be6 10. Bb5 0-0 11. Qd2 Nb4 12. Qf2 d5 13. exd5 Nfxd5 14. Nxd5 Nxd5 15. Bc5 Nb4 16. 0-0 Bxb3 17. cxb3 Bxc5 18. Qxc5 Qb8 19. Rac1 b6 20. Qc7 Ra7 21. Qxb8 Rxb8 22. Rfd1 Kf8 23. Rd6 Ke7 24. Rcd1 Rc7 25. Bc4 Nc2 26. Kf2 Nd4 27. Rd5 Rc5 28. Re1 Rxd5 29. Bxd5 f6 30. f4 Kd6 31. Bc4 Re8 32. fxe5+ fxe5 33. Re4 Kc5 34. Rh4 h6 35. Rg4 Re7 36. Ke3 Nf5+ 37. Ke2 e4 38. Rg6 Nh4 39. Rg4 g5 40. Rg3 Kd4 41. Rg4 Nf5 42. Ba6 Rc7 43. Bd3 Nd6 44. h4 h5 45. Rxg5 exd3+ 46. Kd1 Ne4 47. Rg8 Ke3 0-1

[Event "SWE-chT2 1112"]
[Site "Sweden"]
[Date "2012.02.04"]
[Round "5"]
[White "Schutz, Ingemar"]
[Black "Burwick, Malte"]
[Result "1/2-1/2"]
[WhiteElo "2194"]
[BlackElo "2258"]
[PlyCount "147"]
[EventDate "2011.10.22"]
[EventType "team-tourn"]
[EventRounds "9"]
[EventCountry "SWE"]
[SourceTitle "EXT 2013"]
[Source "ChessBase"]
[SourceDate "2012.11.22"]
[SourceVersion "1"]
[SourceVersionDate "2012.11.22"]
[SourceQuality "1"]
[WhiteTeam "Norrkoping Schack 08"]
[BlackTeam "Upsala"]
[WhiteTeamCountry "SWE"]
[BlackTeamCountry "SWE"]

1. e4 g6 2. Nc3 Bg7 3. f4 c5 4. Nf3 d6 5. Bc4 Nc6 6. 0-0 e6 7. f5 exf5 8. d3 Nge7 9. Qe1 h6 10. Bd2 Ne5 11. Nxe5 dxe5 12. Qf2 b6 13. exf5 gxf5 14. Qg3 Kf8 15. Rf2 Be6 16. Raf1 Qd7 17. Bc1 Rd8 18. Kh1 Qc8 19. a4 Rd4 20. b3 a5 21. Nb5 Rd8 22. Bb2 Nc6 23. Bxe6 fxe6 24. Qg6 Ne7 25. Qg3 Nc6 26. Na3 h5 27. Nc4 h4 28. Qe3 Qc7 29. h3 Nd4 30. Re1 Rd5 31. Qg5 Kf7 32. Ne3 Qd8 33. Qxd8 Rdxd8 34. Nc4 Rb8 35. Nxe5+ Bxe5 36. Rxe5 Rbd8 37. Re1 Rh6 38. Bc1 Rh5 39. Bf4 Rd5 40. Bc7 Nc6 41. Bxb6 Rh8 42. Bc7 Kf6 43. Bf4 e5 44. Bd2 f4 45. Bc3 Kf5 46. Re4 Rh7 47. Kg1 Ra7 48. Kf1 Rad7 49. Rc4 Ra7 50. Be1 Rh7 51. Re2 Kg5 52. Kf2 Kf5 53. Rd2 Rh6 54. Ke2 Ke6 55. Kd1 Rh7 56. Kc1 Kd6 57. Kb2 Nb4 58. Re2 Nc6 59. Rd2 Nb4 60. Rd1 Nc6 61. c3 Rg7 62. Rd2 Rh7 63. Bf2 Rh5 64. Re4 Rh7 65. c4 Rd4 66. Bxd4 cxd4 67. Re1 Nb4 68. Kc1 Rh5 69. Red1 Rg5 70. Re2 Rg3 71. Red2 Kc5 72. Kb1 Re3 73. Ka1 Kd6 74. Kb2 1/2-1/2

[Event "SWE-chT2 1112"]
[Site "Sweden"]
[Date "2012.01.14"]
[Round "4"]
[White "Lind, Jan Olov"]
[Black "Schutz, Ingemar"]
[Result "1-0"]
[WhiteElo "2219"]
[BlackElo "2194"]
[PlyCount "111"]
[EventDate "2011.10.22"]
[EventType "team-tourn"]
[EventRounds "9"]
[EventCountry "SWE"]
[SourceTitle "EXT 2013"]
[Source "ChessBase"]
[SourceDate "2012.11.22"]
[SourceVersion "1"]
[SourceVersionDate "2012.11.22"]
[SourceQuality "1"]
[WhiteTeam "Orebro"]
[BlackTeam "Norrkoping Schack 08"]
[WhiteTeamCountry "SWE"]
[BlackTeamCountry "SWE"]

1. e4 c5 2. Nf3 d6 3. d4 cxd4 4. Nxd4 Nf6 5. Nc3 Nc6 6. Bc4 e6 7. Be3 Be7 8. Qe2 a6 9. 0-0-0 Qc7 10. Bb3 0-0 11. Rhg1 Nd7 12. g4 Nc5 13. Nf5 Nxb3+ 14. axb3 b5 15. Nxe7+ Nxe7 16. Qd3 b4 17. Na4 Bb7 18. Qxd6 Qxd6 19. Rxd6 Bxe4 20. Rd4 Bd5 21. Rxb4 Nc6 22. Rb6 Ne5 23. Nc3 Bf3 24. Rg3 Rfd8 25. Bf4 Nd7 26. Rd6 Bh1 27. Rgd3 Ra7 28. Bg5 f6 29. Be3 Rb7 30. Rxe6 Ra8 31. Re7 Bc6 32. Re6 Ne5 33. Rdd6 Bd7 34. Rxa6 Rxa6 35. Rxa6 Nxg4 36. h4 Nxe3 37. fxe3 Rb4 38. Rd6 Be8 39. Rd4 Rxd4 40. exd4 g5 41. Ne4 gxh4 42. c4 Kg7 43. b4 Kg6 44. b5 Kf5 45. Nf2 Kf4 46. b6 Bc6 47. d5 Bb7 48. d6 Bc6 49. d7 Bxd7 50. b7 Kf3 51. b8Q Kxf2 52. Qh2+ Kf3 53. Qxh4 Bf5 54. Qxf6 Kg4 55. Qh6 Kf3 56. b4 1-0

[Event "SWE-chT2 0809"]
[Site "Sweden"]
[Date "2009.03.15"]
[Round "9"]
[White "Schutz, Ingemar"]
[Black "Evertsson, Lennart"]
[Result "0-1"]
[WhiteElo "2218"]
[BlackElo "2228"]
[PlyCount "76"]
[EventDate "2008.10.25"]
[EventType "team-tourn"]
[EventRounds "9"]
[EventCountry "SWE"]
[SourceTitle "EXT 2011"]
[Source "ChessBase"]
[SourceDate "2010.11.26"]
[SourceVersion "1"]
[SourceVersionDate "2010.11.26"]
[SourceQuality "1"]

1. e4 e6 2. d4 d5 3. Nc3 Nf6 4. Bg5 Be7 5. e5 Nfd7 6. h4 a6 7. Qh5 Kf8 8. Bxe7+ Qxe7 9. f4 c5 10. Nf3 Nc6 11. 0-0-0 b5 12. dxc5 Bb7 13. Bd3 Kg8 14. Rhe1 Nxc5 15. f5 b4 16. Ne2 a5 17. Nf4 a4 18. Qg4 b3 19. Nh5 g6 20. Nf6+ Kf8 21. a3 bxc2 22. Bxc2 Qc7 23. Qf4 Kg7 24. fxg6 hxg6 25. h5 Rac8 26. Kb1 Ne7 27. Nd4 Nb3 28. Bxb3 axb3 29. hxg6 Nxg6 30. Qg5 Qb6 31. Nd7 Qd8 32. Nf6 Ba6 33. Nxb3 Bb5 34. Nd4 Ba4 35. Rc1 Qb6 36. Rxc8 Rxc8 37. Qd2 Rc4 38. Rh1 Kf8 0-1

[Event "SWE-chT2 0809"]
[Site "Sweden"]
[Date "2009.03.13"]
[Round "7"]
[White "Eriksson, Bo HT"]
[Black "Schutz, Ingemar"]
[Result "1-0"]
[WhiteElo "2189"]
[BlackElo "2218"]
[PlyCount "47"]
[EventDate "2008.10.25"]
[EventType "team-tourn"]
[EventRounds "9"]
[EventCountry "SWE"]
[SourceTitle "EXT 2011"]
[Source "ChessBase"]
[SourceDate "2010.11.26"]
[SourceVersion "1"]
[SourceVersionDate "2010.11.26"]
[SourceQuality "1"]

1. e4 c5 2. Nf3 d6 3. d4 cxd4 4. Nxd4 Nf6 5. Nc3 Nc6 6. Bg5 e6 7. Qd2 a6 8. 0-0-0 Bd7 9. f4 Be7 10. Be2 0-0 11. Bf3 h6 12. h4 e5 13. Nxc6 bxc6 14. fxe5 hxg5 15. exd6 g4 16. Be2 Re8 17. dxe7 Rxe7 18. Rhf1 Qa5 19. Kb1 Qh5 20. Qf4 Qc5 21. e5 Nd5 22. Nxd5 cxd5 23. Bd3 d4 24. Qe4 1-0

[Event "SWE-chT2 0809"]
[Site "Sweden"]
[Date "2008.12.06"]
[Round "3"]
[White "Drugge, Patrick"]
[Black "Schutz, Ingemar"]
[Result "1-0"]
[WhiteElo "2267"]
[BlackElo "2218"]
[PlyCount "71"]
[EventDate "2008.10.25"]
[EventType "team-tourn"]
[EventRounds "9"]
[EventCountry "SWE"]
[SourceTitle "EXT 2011"]
[Source "ChessBase"]
[SourceDate "2010.11.26"]
[SourceVersion "1"]
[SourceVersionDate "2010.11.26"]
[SourceQuality "1"]

1. e4 e6 2. d4 d5 3. exd5 Qxd5 4. Nc3 Bb4 5. Qg4 Nc6 6. Nf3 Nge7 7. Qxg7 Bxc3+ 8. bxc3 Qe4+ 9. Kd1 Rg8 10. Qh6 Nd5 11. Bd2 Bd7 12. h3 Nb6 13. Qf4 Qxf4 14. Bxf4 0-0-0 15. Bd3 Na5 16. Bg5 Rde8 17. Bxh7 Rg7 18. Be4 f5 19. Bd3 Bc6 20. h4 Bd5 21. Rh3 Na4 22. Kd2 Nc4+ 23. Bxc4 Bxc4 24. Ne5 Ba6 25. Rg3 c5 26. h5 Nb6 27. h6 Rh7 28. Re1 Nc4+ 29. Nxc4 Bxc4 30. a3 Bd5 31. Bf4 c4 32. Rh1 Ree7 33. Be5 Ref7 34. Rg7 f4 35. Rxf7 Rxf7 36. h7 1-0

[Event "SWE-chT2 0809"]
[Site "Sweden"]
[Date "2008.10.26"]
[Round "2"]
[White "Wickstrom, Lucas"]
[Black "Schutz, Ingemar"]
[Result "1-0"]
[WhiteElo "2255"]
[BlackElo "2218"]
[PlyCount "81"]
[EventDate "2008.10.25"]
[EventType "team-tourn"]
[EventRounds "9"]
[EventCountry "SWE"]
[SourceTitle "EXT 2011"]
[Source "ChessBase"]
[SourceDate "2010.11.26"]
[SourceVersion "1"]
[SourceVersionDate "2010.11.26"]
[SourceQuality "1"]

1. d4 Nf6 2. c4 e5 3. dxe5 Ne4 4. Nf3 Nc6 5. a3 d6 6. Bf4 g5 7. Qd5 gxf4 8. Qxe4 dxe5 9. Nc3 f5 10. Qd5 Qe7 11. 0-0-0 e4 12. Nd4 Nxd4 13. Qxd4 Bg7 14. Qd2 e3 15. fxe3 fxe3 16. Qc2 c6 17. g3 0-0 18. Bh3 b5 19. Rhf1 b4 20. axb4 Qxb4 21. Bg2 Qxc4 22. Rf4 Qa6 23. Qb3+ Kh8 24. Ra4 Qb7 25. Qxb7 Bxb7 26. Rd7 Bc8 27. Re7 a6 28. Bxc6 Rb8 29. Rc4 Bf6 30. Ra7 Be6 31. Bd5 Bxd5 32. Nxd5 Bxb2+ 33. Kc2 Be5 34. Re7 Rfe8 35. Rxe8+ Rxe8 36. Nxe3 Bxg3 37. Nxf5 Bxh2 38. Kd3 Be5 39. Rc6 Rf8 40. Ke4 Bc3 41. Rxc3 1-0

[Event "SWE-chT2 0809"]
[Site "Sweden"]
[Date "2008.10.25"]
[Round "1"]
[White "Sternlund, Hakan"]
[Black "Schutz, Ingemar"]
[Result "0-1"]
[WhiteElo "2220"]
[BlackElo "2218"]
[PlyCount "158"]
[EventDate "2008.10.25"]
[EventType "team-tourn"]
[EventRounds "9"]
[EventCountry "SWE"]
[SourceTitle "EXT 2011"]
[Source "ChessBase"]
[SourceDate "2010.11.26"]
[SourceVersion "1"]
[SourceVersionDate "2010.11.26"]
[SourceQuality "1"]

1. c4 e5 2. Nc3 Nf6 3. g3 c6 4. d4 exd4 5. Qxd4 d5 6. cxd5 cxd5 7. e3 Nc6 8. Qa4 Bd7 9. Qd1 Bg4 10. Be2 Bxe2 11. Ngxe2 Qd7 12. h4 Bc5 13. Nd4 Ne5 14. Nf3 Nc6 15. a3 0-0 16. b4 Bb6 17. Na4 Bc7 18. Bb2 Ne4 19. Nc5 Qg4 20. Nxe4 dxe4 21. Ng5 Qf5 22. g4 Qg6 23. Qe2 h6 24. Nh3 Be5 25. Nf4 Qd6 26. Rd1 Qb8 27. Nh5 Bxb2 28. Qxb2 Ne5 29. Rd5 Re8 30. Ke2 f6 31. g5 Qc8 32. Qb3 Kh8 33. Rg1 Qh3 34. Rg3 Qxh4 35. Nf4 fxg5 36. Rxe5 gxf4 37. Rxe8+ Rxe8 38. exf4 Qxf4 39. Qc3 Qf7 40. Qd4 b6 41. Rh3 Kh7 42. Re3 Qh5+ 43. Kf1 Qh1+ 44. Ke2 Re7 45. Kd2 Qg2 46. Ke2 Qg4+ 47. Kf1 g6 48. Rg3 Qf4 49. Re3 h5 50. Rc3 Qf5 51. Re3 h4 52. Ke1 Qg4 53. f3 Qg1+ 54. Kd2 Rc7 55. Rxe4 Qc1+ 56. Kd3 Qxa3+ 57. Kd2 Qc1+ 58. Kd3 Qd1+ 59. Ke3 Qxd4+ 60. Kxd4 g5 61. Rg4 Kh6 62. f4 gxf4 63. Rxh4+ Kg5 64. Rh1 Re7 65. Rg1+ Kf5 66. Kd3 f3 67. Rg8 Kf4 68. Kd2 f2 69. Rf8+ Kg3 70. Rg8+ Kh2 71. Rh8+ Kg1 72. Rg8+ Kf1 73. b5 Rd7+ 74. Kc2 Rd5 75. Rg7 Ke2 76. Re7+ Kf3 77. Rf7+ Ke3 78. Rf8 Rxb5 79. Rf7 Rb4 0-1